00868nam a2200265 i 4500001001000000003000900010005001700019007000300036008004100039040003000080082001800110100001000128245006500138264004300203300003300246336002700279337003300306338002800339590002800367650005200395910000700447942001400454952011700468999001700585000037078DO-SdBNP20230613120452.0ta120210s19? dr ab 000 0 spa d aDO-SdBNPbspacBNPHUerda axxxbG943222 96349310aGuía turística de la República Dominicana :b2002-2003 aSanto Domingo :bCodetel,c[sin fecha] a89 p. :bil., map. ;c29 cm. 2rdacontentatextobtxt 2rdamediaasin mediaciónbn 2rdacarrieravolumenbnc aInventariado, 2023 / DG 4aTurismoxGuíaszRepública Dominicana982555 aDG 2ddccLBS1 00102ddc51708PDaBNPHUbBNPHUcCTd2023-06-13l0oBNPHU PD xxx G943p2023-2369r2023-06-13w2023-06-13yLBS1 c53797d53797